[Event "XLVII C.to Italiano a squadre Master"]
[Site "Civitanova Marche ITA"]
[Date "2015.04.30"]
[Round "3"]
[White "Bonafede, Alessandro"]
[Black "Stromboli, Ettore"]
[WhiteElo "2377"]
[BlackElo "2316"]
[Result "1-0"]
[PlyCount "55"]
[EventDate "2015.04.29"]

1. e4 e6 2. Qe2 Be7 3. Nf3 d5 4. d3 Nf6 5. g3 b6 6. e5 Nfd7 7. Bg2 Bb7 8. O-O
c5 9. c4 dxc4 10. dxc4 Qc7 11. Nc3 a6 12. Bf4 O-O 13. Rad1 Qc8 14. Ne4 b5 15.
b3 Nc6 16. Nd6 Bxd6 17. Rxd6 Qc7 18. Rfd1 Nb6 19. cxb5 axb5 20. Qxb5 Nd5 21.
Qxc5 Rxa2 22. Rc1 Ra6 23. Ng5 h6 24. Ne4 Qb6 25. Qxb6 Rxb6 26. Nc5 Bc8 27. Na4
Nd4 28. Nxb6 1-0

[Event "XLVII C.to Italiano a squadre Master"]
[Site "Civitanova Marche ITA"]
[Date "2015.04.30"]
[Round "3"]
[White "Cacco, Christian"]
[Black "Mazzilli, Piero"]
[WhiteElo "2337"]
[BlackElo "2353"]
[Result "1-0"]
[PlyCount "111"]
[EventDate "2015.04.29"]

1. d4 Nf6 2. Nf3 e6 3. c4 b6 4. g3 Ba6 5. b3 Bb7 6. Bg2 Bb4+ 7. Bd2 a5 8. O-O
O-O 9. a3 Bxd2 10. Qxd2 d6 11. Nc3 Nbd7 12. Qc2 Qe7 13. Rfd1 Rfc8 14. e4 e5 15.
d5 c6 16. dxc6 Rxc6 17. Nd2 Nc5 18. Nd5 Nxd5 19. exd5 Rcc8 20. Bh3 Nd7 21. Qd3
Rf8 22. b4 Bc8 23. Qe3 f5 24. f4 Qf6 25. Rab1 axb4 26. axb4 exf4 27. gxf4 Kh8
28. Bg2 Qg6 29. Qe6 Rf6 30. Qe1 Rf8 31. Rb3 Nf6 32. Qf2 Qh6 33. Qxb6 Qxf4 34.
Rf3 Qe5 35. Re3 Ne4 36. Nxe4 fxe4 37. Rxe4 Qg5 38. Qe3 Qh5 39. Re1 Bf5 40. Re7
Qh4 41. Qc3 Qg5 42. c5 Ra2 43. Qg3 Qf6 44. Kh1 h5 45. R7e2 Rxe2 46. Rxe2 h4 47.
Qe3 Bd7 48. h3 Qa1+ 49. Kh2 Re8 50. Qf2 Rxe2 51. Qxe2 Qd4 52. c6 Qf4+ 53. Kh1
Bf5 54. b5 Qc1+ 55. Qf1 Qc2 56. Qe1 1-0

[Event "XLVII C.to Italiano a squadre Master"]
[Site "Civitanova Marche ITA"]
[Date "2015.04.30"]
[Round "3"]
[White "Cappai, Davide"]
[Black "Quirico, Paolo"]
[WhiteElo "2262"]
[BlackElo "2101"]
[Result "1-0"]
[PlyCount "51"]
[EventDate "2015.04.29"]

1. e4 e6 2. d4 d5 3. Nc3 Bb4 4. e5 c5 5. a3 Bxc3+ 6. bxc3 Ne7 7. h4 Qa5 8. Bd2
Qa4 9. Nf3 Nbc6 10. h5 h6 11. Rh4 c4 12. g3 Bd7 13. Rf4 Rf8 14. Bh3 O-O-O 15.
Kf1 f6 16. exf6 gxf6 17. Rh4 Ng8 18. Kg2 e5 19. Bxd7+ Rxd7 20. Qc1 Rh7 21. Rg4
Qa5 22. a4 Qc7 23. Qa3 Qe7 24. Qb2 Qd7 25. Rg6 Nce7 26. Qb4 1-0

[Event "XLVII C.to Italiano a squadre Master"]
[Site "Civitanova Marche ITA"]
[Date "2015.04.30"]
[Round "3"]
[White "Cherin, Diego"]
[Black "Calavalle, Giulio"]
[WhiteElo "2232"]
[BlackElo "2254"]
[Result "1/2-1/2"]
[PlyCount "84"]
[EventDate "2015.04.29"]

1. e4 c5 2. Nf3 d6 3. Bb5+ Nd7 4. c3 a6 5. Ba4 b5 6. Bc2 Bb7 7. O-O g6 8. d4
Bg7 9. Qe2 Qc7 10. a4 b4 11. a5 bxc3 12. bxc3 e6 13. Bf4 Ne7 14. Nbd2 O-O 15.
Nc4 e5 16. dxe5 dxe5 17. Bg5 f6 18. Be3 Bc6 19. Bd3 Rfd8 20. Rfd1 Bb7 21. Nd6
Qxd6 22. Bc4+ Nd5 23. Bxd5+ Bxd5 24. Rxd5 Qc7 25. Rad1 Nf8 26. Rxd8 Rxd8 27.
Rxd8 Qxd8 28. Qxa6 Qd1+ 29. Qf1 Qa4 30. a6 Ne6 31. Nd2 Bf8 32. Qc4 Qa1+ 33. Nf1
Kf7 34. Qb5 Be7 35. Qc4 Qa5 36. g3 f5 37. Nd2 Qc7 38. Qd5 f4 39. gxf4 exf4 40.
Bxf4 Qxf4 41. a7 Qg4+ 42. Kf1 Qd1+ 1/2-1/2

[Event "XLVII C.to Italiano a squadre Master"]
[Site "Civitanova Marche ITA"]
[Date "2015.04.30"]
[Round "3"]
[White "Cocchi, Andrea"]
[Black "Messa, Roberto"]
[WhiteElo "2272"]
[BlackElo "2291"]
[Result "1/2-1/2"]
[PlyCount "42"]
[EventDate "2015.04.29"]

1. Nf3 Nf6 2. c4 e6 3. b3 c5 4. e3 Nc6 5. Bb2 d5 6. cxd5 exd5 7. Be2 Be7 8. O-O
O-O 9. d4 Ne4 10. dxc5 Be6 11. Nc3 Bxc5 12. Nb5 Qe7 13. Nbd4 Bd7 14. Rc1 Rac8
15. Nxc6 bxc6 16. Ne5 Be8 17. Bd4 Bd6 18. Nf3 c5 19. Ba1 Bc6 20. Qd3 Rfe8 21.
Rfe1 h6 1/2-1/2

[Event "XLVII C.to Italiano a squadre Master"]
[Site "Civitanova Marche ITA"]
[Date "2015.04.30"]
[Round "3"]
[White "D'Amore, Carlo"]
[Black "Vocaturo, Daniele"]
[WhiteElo "2469"]
[BlackElo "2594"]
[Result "0-1"]
[PlyCount "90"]
[EventDate "2015.04.29"]

1. Nf3 d5 2. g3 c5 3. Bg2 Nc6 4. O-O e6 5. d3 Bd6 6. e4 Nge7 7. Nbd2 O-O 8. Re1
Qc7 9. exd5 exd5 10. d4 c4 11. b3 Bb4 12. Rb1 Bg4 13. h3 Bh5 14. g4 Bg6 15. Re3
b5 16. Nh4 Rad8 17. bxc4 bxc4 18. Nf1 Bd6 19. Nxg6 Nxg6 20. Ng3 Bf4 21. Ra3
Bxc1 22. Rxc1 Nf4 23. Qd2 Ne7 24. Re1 Neg6 25. Nf5 Rfe8 26. Rae3 Re6 27. Qb4 h6
28. Bf1 Kh7 29. Rb1 Rb6 30. Qa5 Ne6 31. Rb5 Ngf4 32. c3 g6 33. Ng3 Rxb5 34.
Qxb5 Rb8 35. Qa4 Rb1 36. Ne2 Ng5 37. Nxf4 Qxf4 38. Qc2 Re1 39. Kg2 Rxe3 40.
fxe3 Qf3+ 41. Kg1 Qxe3+ 42. Qf2 Qxf2+ 43. Kxf2 Ne4+ 44. Ke3 Nxc3 45. Bg2 Kg7
0-1

[Event "XLVII C.to Italiano a squadre Master"]
[Site "Civitanova Marche ITA"]
[Date "2015.04.30"]
[Round "3"]
[White "De Filomeno, Simone"]
[Black "Tocchioni, Doriano"]
[WhiteElo "2440"]
[BlackElo "2221"]
[Result "1-0"]
[PlyCount "83"]
[EventDate "2015.04.29"]

1. d4 Nf6 2. c4 e6 3. Nc3 Bb4 4. Qc2 d5 5. cxd5 exd5 6. Bg5 O-O 7. e3 Nbd7 8.
Bd3 h6 9. Bh4 c5 10. Nge2 c4 11. Bf5 Nb6 12. O-O Bxf5 13. Qxf5 Qd7 14. Ng3 Qxf5
15. Nxf5 Bxc3 16. bxc3 Ne4 17. Rfc1 g5 18. Bg3 Kh7 19. f3 Nxg3 20. hxg3 Kg6 21.
g4 h5 22. a4 hxg4 23. fxg4 Rad8 24. Kf2 Nc8 25. Rcb1 b6 26. Kf3 Kf6 27. a5 Ke6
28. axb6 axb6 29. Rb5 f6 30. Ra8 Rf7 31. Rxc8 Rxc8 32. Rxb6+ Kd7 33. Nd6 Rb8
34. Rxb8 Kxd6 35. Rb6+ Kc7 36. Ra6 Rf8 37. e4 dxe4+ 38. Kxe4 Re8+ 39. Kd5 Re2
40. Rxf6 Rxg2 41. Kxc4 Rxg4 42. Kc5 1-0

[Event "XLVII C.to Italiano a squadre Master"]
[Site "Civitanova Marche ITA"]
[Date "2015.04.30"]
[Round "3"]
[White "Di Paolo, Raffaele"]
[Black "Ladron De Guevara Pinto, Paolo"]
[WhiteElo "2268"]
[BlackElo "2316"]
[Result "0-1"]
[PlyCount "134"]
[EventDate "2015.04.29"]

1. e4 c5 2. Nf3 d6 3. Bb5+ Nd7 4. Nc3 a6 5. Bxd7+ Bxd7 6. d4 cxd4 7. Qxd4 e5 8.
Qd3 h6 9. a4 Nf6 10. O-O Be7 11. Nd2 O-O 12. Nc4 Be6 13. a5 Nxe4 14. Nxe4 Bxc4
15. Qxc4 d5 16. Qb3 dxe4 17. Qxb7 f5 18. Be3 Bf6 19. b4 Rf7 20. Qc6 Qc8 21. Qd5
Rb8 22. Bc5 Qb7 23. Rfd1 Qxd5 24. Rxd5 Be7 25. c3 Rc8 26. Rxe5 Bxc5 27. bxc5
Rfc7 28. Rxf5 Rxc5 29. Rxc5 Rxc5 30. Ra3 Kf7 31. Kf1 Ke6 32. Ke2 Ke5 33. Kd2 g5
34. Ra4 h5 35. Kc2 g4 36. Kb3 h4 37. Ra2 Kf4 38. c4 h3 39. gxh3 gxh3 40. Kb4
Rc8 41. Ra3 Rb8+ 42. Kc3 Ke5 43. Ra2 Rg8 44. Rd2 Rg1 45. Rd5+ Kf4 46. Rh5 Rg2
47. Rh4+ Ke5 48. Rxh3 Rxf2 49. Rh8 Rf3+ 50. Kb4 e3 51. Kc5 Rf6 52. Rh3 Ke4 53.
Rh4+ Kf3 54. Rh8 Re6 55. Rf8+ Kg2 56. Rg8+ Kxh2 57. Rb8 e2 58. Rb1 Kg3 59. Kd5
Re8 60. c5 Rd8+ 61. Ke4 Rd1 62. Rb3+ Kg4 63. Re3 e1=Q 64. Rxe1 Rxe1+ 65. Kd5
Kf5 66. c6 Rd1+ 67. Kc5 Ke5 0-1

[Event "XLVII C.to Italiano a squadre Master"]
[Site "Civitanova Marche ITA"]
[Date "2015.04.30"]
[Round "3"]
[White "Dvirnyy, Danyyil"]
[Black "Caprio, Guido"]
[WhiteElo "2536"]
[BlackElo "2418"]
[Result "1-0"]
[PlyCount "79"]
[EventDate "2015.04.29"]

1. e4 e5 2. Nf3 Nc6 3. Nc3 Nf6 4. Bb5 Nd4 5. Bc4 Nxf3+ 6. Qxf3 d6 7. d3 Be7 8.
Bg5 O-O 9. Bxf6 Bxf6 10. Nd5 Be6 11. Nxf6+ Qxf6 12. Qxf6 gxf6 13. a4 c6 14. Rf1
d5 15. exd5 cxd5 16. Bb3 d4 17. Ra3 Rac8 18. Kd2 Rc6 19. Bxe6 fxe6 20. Rb3 Rfc8
21. Rc1 b6 22. c4 Kf7 23. Re1 h5 24. h4 Ke7 25. Ra3 a5 26. Rb3 Kd6 27. Rb5 Rb8
28. b4 axb4 29. Rb1 Ra8 30. R1xb4 Ra6 31. Ke2 Kc7 32. Kf3 Rd6 33. g3 Rd8 34.
Ke4 Kc6 35. f4 Rg8 36. fxe5 f5+ 37. Kf3 Rg7 38. c5 bxc5 39. Rc4 Rxa4 40. Rcxc5+
1-0

[Event "XLVII C.to Italiano a squadre Master"]
[Site "Civitanova Marche ITA"]
[Date "2015.04.30"]
[Round "3"]
[White "Ferro, Mario"]
[Black "Simoli, Sergio"]
[WhiteElo "2285"]
[BlackElo "2212"]
[Result "0-1"]
[PlyCount "70"]
[EventDate "2015.04.29"]

1. d4 Nf6 2. Nf3 c5 3. d5 e6 4. c4 b5 5. dxe6 fxe6 6. Nbd2 Bb7 7. cxb5 d5 8. g3
Bd6 9. Bh3 Qe7 10. e4 Nbd7 11. O-O O-O 12. Ng5 dxe4 13. Bg2 Be5 14. Qe2 Bd4 15.
Ndxe4 Nd5 16. Bh3 Nc7 17. Be3 h6 18. Bxd4 cxd4 19. Rac1 Ne5 20. Rxc7 Qxc7 21.
Nxe6 d3 22. Qe3 Qc2 23. Nxf8 Rxf8 24. Bg2 Kh8 25. Qc5 Re8 26. Qd4 Qe2 27. Nd6
Bxg2 28. Kxg2 Rf8 29. Nc4 Qf3+ 30. Kg1 Nxc4 31. Qxc4 d2 32. Qc2 Qe2 33. Qc5
Qxf1+ 34. Kxf1 d1=Q+ 35. Kg2 Qf3+ 0-1

[Event "XLVII C.to Italiano a squadre Master"]
[Site "Civitanova Marche ITA"]
[Date "2015.04.30"]
[Round "3"]
[White "Godena, Michele"]
[Black "Swiercz, Dariusz"]
[WhiteElo "2503"]
[BlackElo "2622"]
[Result "1/2-1/2"]
[PlyCount "53"]
[EventDate "2015.04.29"]

1. e4 c5 2. c3 d5 3. exd5 Qxd5 4. d4 Nf6 5. Nf3 e6 6. Na3 Nc6 7. Be3 cxd4 8.
Nb5 Qd7 9. Nbxd4 Nd5 10. Bd2 Bd6 11. Bd3 Nf4 12. Bxf4 Bxf4 13. Qe2 Qc7 14. g3
Nxd4 15. Nxd4 Be5 16. Bb5+ Kf8 17. O-O-O g6 18. Rhe1 Bf6 19. Bc4 a6 20. Bxe6
fxe6 21. Nxe6+ Bxe6 22. Qxe6 Bxc3 23. bxc3 Qxc3+ 24. Kb1 Qb4+ 25. Ka1 Qc3+ 26.
Kb1 Qb4+ 27. Ka1 1/2-1/2

[Event "XLVII C.to Italiano a squadre Master"]
[Site "Civitanova Marche ITA"]
[Date "2015.04.30"]
[Round "3"]
[White "Iordachescu, Viorel"]
[Black "Socko, Bartosz"]
[WhiteElo "2588"]
[BlackElo "2628"]
[Result "1/2-1/2"]
[PlyCount "67"]
[EventDate "2015.04.29"]

1. e4 c5 2. Nf3 e6 3. g3 Nc6 4. Bg2 Nf6 5. Qe2 d6 6. O-O Be7 7. c3 e5 8. Rd1
Qb6 9. Na3 O-O 10. Nc4 Qa6 11. d3 Be6 12. Bg5 Rad8 13. Nfd2 h6 14. Bxf6 Bxf6
15. Ne3 g6 16. h4 h5 17. Nf3 Ne7 18. Rd2 Rfe8 19. Ng5 Bxg5 20. hxg5 Kg7 21. a3
Rf8 22. Qd1 f5 23. gxf6+ Rxf6 24. d4 cxd4 25. cxd4 exd4 26. Rxd4 Nc6 27. Rd2
Ne5 28. Rc1 Qb6 29. Rc3 Rdf8 30. b4 Bg4 31. Qa1 Be6 32. Qd1 Bg4 33. Qa1 Be6 34.
Qd1 1/2-1/2

[Event "XLVII C.to Italiano a squadre Master"]
[Site "Civitanova Marche ITA"]
[Date "2015.04.30"]
[Round "3"]
[White "Lagumina, Giulio"]
[Black "Garcia Palermo, Carlos Horacio"]
[WhiteElo "2343"]
[BlackElo "2427"]
[Result "1/2-1/2"]
[PlyCount "102"]
[EventDate "2015.04.29"]

1. e4 e5 2. Nf3 Nc6 3. Bb5 Nf6 4. O-O Nxe4 5. Re1 Nd6 6. Nxe5 Be7 7. Bf1 Nf5 8.
c3 Nxe5 9. Rxe5 d6 10. Re1 O-O 11. d4 d5 12. Bf4 Bd6 13. Bxd6 Qxd6 14. Nd2 a5
15. Bd3 g6 16. Nf3 Kg7 17. Qd2 Nh6 18. Re5 Bg4 19. Nh4 Bd7 20. Nf3 f6 21. Re3
Rae8 22. Rae1 b6 23. h3 Nf7 24. R1e2 Rxe3 25. Rxe3 Re8 26. Rxe8 Bxe8 27. Qe3
Bd7 28. Nd2 Qe6 29. Qxe6 Bxe6 30. f4 h5 31. Kf2 Nd6 32. a3 g5 33. Ke3 g4 34.
hxg4 hxg4 35. Nf1 a4 36. Ng3 f5 37. Ne2 Kf6 38. Nc1 Nc4+ 39. Bxc4 dxc4 40. Na2
Bd5 41. g3 c5 42. Nc1 Ke6 43. Ne2 Be4 44. dxc5 bxc5 45. Nc1 Kd5 46. Na2 Bb1 47.
Nc1 Bc2 48. Ne2 Bd3 49. Nc1 Bf1 50. Kf2 Bd3 51. Ke3 Be4 1/2-1/2

[Event "XLVII C.to Italiano a squadre Master"]
[Site "Civitanova Marche ITA"]
[Date "2015.04.30"]
[Round "3"]
[White "Lenic, Luka"]
[Black "Gilevych, Artem"]
[WhiteElo "2642"]
[BlackElo "2393"]
[Result "1/2-1/2"]
[PlyCount "97"]
[EventDate "2015.04.29"]

1. d4 d5 2. c4 c6 3. e3 Nf6 4. Nc3 e6 5. Nf3 Nbd7 6. Qc2 g6 7. Be2 Bg7 8. O-O
O-O 9. b3 b6 10. Bb2 Bb7 11. Rad1 Rc8 12. Qb1 Qc7 13. Rfe1 Qb8 14. Bf1 Rfd8 15.
h3 a6 16. Ba1 Qa8 17. Na4 Qa7 18. Nc3 Qa8 19. Ne5 Nxe5 20. dxe5 Nd7 21. f4 c5
22. Rd2 Bc6 23. Red1 Nf8 24. a4 Rd7 25. Qa2 Qb7 26. Nb5 axb5 27. cxb5 Bxb5 28.
Bxb5 Rdd8 29. Rd3 Nd7 30. Bc3 Nb8 31. Qe2 Nc6 32. R3d2 Qc7 33. Rc2 Bf8 34. Rcc1
Qb8 35. h4 Nb4 36. h5 d4 37. Bxb4 cxb4 38. Rxc8 Qxc8 39. exd4 Qc3 40. Rd3 Qc1+
41. Qf1 Qb2 42. Qf2 Qb1+ 43. Qf1 Qb2 44. hxg6 hxg6 45. Qf2 Qb1+ 46. Qf1 Qb2 47.
Qf2 Qb1+ 48. Qf1 Qb2 49. Qf2 1/2-1/2

[Event "XLVII C.to Italiano a squadre Master"]
[Site "Civitanova Marche ITA"]
[Date "2015.04.30"]
[Round "3"]
[White "Madiai, Federico"]
[Black "Codenotti, Marco"]
[WhiteElo "2240"]
[BlackElo "2403"]
[Result "0-1"]
[PlyCount "68"]
[EventDate "2015.04.29"]

1. e4 e5 2. Nf3 Nc6 3. Bb5 Nf6 4. d4 Nxe4 5. Qe2 Nd6 6. Bxc6 dxc6 7. dxe5 Nf5
8. Bg5 Be7 9. Bxe7 Nxe7 10. Nc3 Ng6 11. O-O O-O 12. Rfe1 Bg4 13. Qe4 Qc8 14.
Ng5 Bf5 15. Qc4 h6 16. Nf3 Re8 17. h3 Bxc2 18. g4 Nf8 19. Nd4 Bh7 20. f4 Nd7
21. Rad1 Nb6 22. Qc5 h5 23. e6 hxg4 24. exf7+ Kxf7 25. Qh5+ Bg6 26. Qg5 Qd8 27.
Ne6 Qxg5 28. Nxg5+ Kg8 29. hxg4 Bf7 30. Kf2 a5 31. Rd4 Nd5 32. Nxf7 Kxf7 33.
Nxd5 Rad8 34. Ra4 Rxd5 0-1

[Event "XLVII C.to Italiano a squadre Master"]
[Site "Civitanova Marche ITA"]
[Date "2015.04.30"]
[Round "3"]
[White "Navarro, Stefano"]
[Black "Ramondino, Renzo"]
[WhiteElo "2266"]
[BlackElo "2157"]
[Result "0-1"]
[PlyCount "66"]
[EventDate "2015.04.29"]

1. e4 c5 2. Nf3 d6 3. d4 cxd4 4. Nxd4 Nf6 5. Nc3 e6 6. Be2 a6 7. a4 Be7 8. O-O
O-O 9. Be3 Qc7 10. f4 Nc6 11. Nb3 b6 12. Bf3 Bb7 13. Qe1 Rac8 14. Rd1 Nd7 15.
g4 Nb4 16. Rd2 g6 17. g5 Rfe8 18. Qd1 Rcd8 19. Bg2 Bf8 20. Ne2 Nc5 21. c3 Nc6
22. Nxc5 dxc5 23. Ng3 Na5 24. Rxd8 Rxd8 25. Qe2 Qd7 26. b4 Nb3 27. Qa2 Qd3 28.
Rf3 Qxc3 29. Bxc5 Rd1+ 30. Nf1 Bxc5+ 31. bxc5 Qxc5+ 32. Qf2 Nd4 33. Rh3 Ne2+
0-1

[Event "XLVII C.to Italiano a squadre Master"]
[Site "Civitanova Marche ITA"]
[Date "2015.04.30"]
[Round "3"]
[White "Palac, Mladen"]
[Black "Cebalo, Miso"]
[WhiteElo "2578"]
[BlackElo "2389"]
[Result "1/2-1/2"]
[PlyCount "45"]
[EventDate "2015.04.29"]

1. e4 c5 2. Nf3 d6 3. Bb5+ Nd7 4. O-O a6 5. Bd3 g6 6. c3 Ngf6 7. Bc2 b5 8. d4
cxd4 9. cxd4 Nb6 10. h3 Bg7 11. Re1 O-O 12. Nbd2 Bb7 13. Nf1 Rc8 14. Ng3 Qc7
15. Bd3 Na4 16. Qe2 e5 17. Be3 Nd7 18. Rac1 Qb8 19. Qd2 exd4 20. Bxd4 Ne5 21.
Be2 Rxc1 22. Rxc1 Rc8 23. Nxe5 1/2-1/2

[Event "XLVII C.to Italiano a squadre Master"]
[Site "Civitanova Marche ITA"]
[Date "2015.04.30"]
[Round "3"]
[White "Rombaldoni, Axel"]
[Black "Collutiis, Duilio"]
[WhiteElo "2501"]
[BlackElo "2477"]
[Result "0-1"]
[PlyCount "154"]
[EventDate "2015.04.29"]

1. d4 d5 2. c4 c6 3. Nf3 Nf6 4. Nbd2 Bf5 5. Nh4 Be4 6. f3 Bg6 7. Qb3 Qc7 8. g3
e6 9. Bg2 c5 10. cxd5 exd5 11. Qc3 Bd6 12. dxc5 Qxc5 13. Qxc5 Bxc5 14. Nb3 Bb6
15. Bf4 O-O 16. Nxg6 hxg6 17. Bd6 Re8 18. Bc5 Bxc5 19. Nxc5 Nc6 20. Kd2 Re7 21.
Rhe1 Rae8 22. e3 g5 23. Rac1 Ne5 24. b3 g4 25. fxg4 Nexg4 26. h3 Nxe3 27. Bh1
b6 28. Nd3 Nf5 29. Rxe7 Rxe7 30. g4 Ng3 31. Bf3 Nge4+ 32. Kd1 Ng5 33. Bg2 Re3
34. Nf4 Nf3 35. Rc8+ Kh7 36. Rc7 d4 37. Rxf7 Ne4 38. Bxf3 Rxf3 39. Rf5 g6 40.
Nxg6 Rd3+ 41. Kc2 Rd2+ 42. Kc1 Kxg6 43. Re5 Re2 44. Rd5 Rxa2 45. Rxd4 Nc5 46.
Rd6+ Kg5 47. b4 Ne4 48. Rd5+ Kf4 49. Rf5+ Ke3 50. g5 Rg2 51. h4 Rg4 52. Rf7
Rxh4 53. g6 Rg4 54. g7 a6 55. Kc2 b5 56. Rd7 Kf4 57. Kd3 Nf6 58. Rd4+ Kf5 59.
Rxg4 Kxg4 60. Kd4 Kf5 61. Kc5 Ke5 62. Kb6 Kd5 63. Kb7 Kd4 64. Kb8 Ng8 65. Kc8
Kd5 66. Kc7 Nh6 67. Kd7 Ke5 68. Kc7 Ke6 69. Kc6 Ke5 70. Kc7 Ke4 71. Kc6 Kd4 72.
Kd7 Kd5 73. Kc7 Kc4 74. Kd7 Kxb4 75. Ke6 Kc5 76. Kf6 Kd6 77. Kg6 Ng8 0-1

[Event "XLVII C.to Italiano a squadre Master"]
[Site "Civitanova Marche ITA"]
[Date "2015.04.30"]
[Round "3"]
[White "Sorcinelli, Francesco"]
[Black "Mauro, Alan"]
[WhiteElo "2160"]
[BlackElo "2134"]
[Result "1-0"]
[PlyCount "57"]
[EventDate "2015.04.29"]

1. e4 c5 2. Nf3 Nc6 3. Bb5 g6 4. Bxc6 bxc6 5. d4 cxd4 6. Qxd4 Nf6 7. e5 Nd5 8.
c4 Nc7 9. O-O Bg7 10. Nc3 Ne6 11. Qh4 h6 12. Re1 Qb6 13. Bd2 g5 14. Qe4 Nc5 15.
Qc2 Ne6 16. Rad1 Bb7 17. b4 O-O 18. c5 Qc7 19. h4 g4 20. Nh2 h5 21. Qf5 f6 22.
exf6 Rxf6 23. Qxh5 g3 24. fxg3 Rf7 25. Ne4 Raf8 26. Ng4 Rf5 27. Nh6+ Bxh6 28.
Qxh6 R5f7 29. Bc3 1-0

[Event "XLVII C.to Italiano a squadre Master"]
[Site "Civitanova Marche ITA"]
[Date "2015.04.30"]
[Round "3"]
[White "Vancini, Edoardo"]
[Black "Mocchi, Tullio"]
[WhiteElo "2274"]
[BlackElo "2228"]
[Result "1/2-1/2"]
[PlyCount "92"]
[EventDate "2015.04.29"]

1. d4 Nf6 2. Bg5 e6 3. e4 h6 4. Bxf6 Qxf6 5. c3 d6 6. Bd3 Nd7 7. Ne2 Qd8 8. O-O
c5 9. f4 Qb6 10. Nd2 Be7 11. Nc4 Qc7 12. e5 Nb6 13. Ne3 Bd7 14. a4 Bc6 15. f5
Bg5 16. Nc4 Nxc4 17. Bxc4 d5 18. Bd3 O-O-O 19. fxe6 fxe6 20. Nf4 Bxf4 21. Rxf4
Qb6 22. b3 cxd4 23. a5 Qc7 24. cxd4 a6 25. b4 Qd7 26. Qf1 Qe8 27. Rc1 Kb8 28.
Rc5 Rc8 29. Rf7 Rf8 30. Rxf8 Qxf8 31. Bxa6 Qe7 32. Bd3 Rf8 33. Qe2 Qh4 34. Qe3
Qf4 35. Qxf4 Rxf4 36. b5 Rxd4 37. Bf1 Bd7 38. b6 Bc6 39. Rc3 Re4 40. Rf3 Kc8
41. Rf7 Kd8 42. Rxg7 Ra4 43. Rg8+ Kd7 44. Rg7+ Kd8 45. Rg8+ Kd7 46. Rg7+ Kd8
1/2-1/2

[Event "XLVII C.to Italiano a squadre Master"]
[Site "Civitanova Marche ITA"]
[Date "2015.05.01"]
[Round "4"]
[White "Aghayev, Miragha"]
[Black "Manca, Federico"]
[WhiteElo "2367"]
[BlackElo "2414"]
[Result "0-1"]
[PlyCount "109"]
[EventDate "2015.04.29"]

1. e4 e5 2. Nf3 Nc6 3. Bb5 a6 4. Ba4 Nf6 5. O-O Be7 6. Re1 b5 7. Bb3 d6 8. c3
O-O 9. d4 Bg4 10. Be3 exd4 11. cxd4 Na5 12. Bc2 Nc4 13. Bc1 c5 14. b3 Nb6 15.
Bb2 cxd4 16. Qxd4 Bxf3 17. gxf3 Rc8 18. Bd3 Nh5 19. f4 Nd7 20. e5 Nc5 21. Bf5
Ne6 22. Qe4 g6 23. Bxe6 fxe6 24. exd6 Qxd6 25. Qxe6+ Qxe6 26. Rxe6 Bf6 27. Bxf6
Rc1+ 28. Kg2 Nxf4+ 29. Kg3 Nxe6 30. Nd2 Rxa1 31. Bxa1 Rd8 32. Ne4 Rd3+ 33. f3
Kf7 34. h4 h6 35. Be5 Nd4 36. Nc5 Ne2+ 37. Kf2 Rd5 38. Nd3 Rxd3 39. Kxe2 Rd5
40. Bf4 Rh5 41. Bg3 Ke6 42. Ke3 Kd5 43. Kd3 Rf5 44. Ke3 Rf8 45. Bf4 h5 46. Bg5
Re8+ 47. Kd3 Re1 48. Bf6 Rf1 49. Ke2 Rh1 50. Kd3 Rh2 51. a3 Rf2 52. Ke3 Ra2 53.
Be7 Ke6 54. Bc5 Rh2 55. Kd4 0-1

[Event "XLVII C.to Italiano a squadre Master"]
[Site "Civitanova Marche ITA"]
[Date "2015.05.01"]
[Round "4"]
[White "Begelman, Boris"]
[Black "Amato, Andrea"]
[WhiteElo "2125"]
[BlackElo "2322"]
[Result "0-1"]
[PlyCount "94"]
[EventDate "2015.04.29"]

1. d4 e6 2. Nf3 c5 3. c4 cxd4 4. Nxd4 Nc6 5. Nc2 Nf6 6. Nc3 a6 7. e4 Qc7 8. f4
d6 9. Be2 b6 10. Be3 Na5 11. Qd3 Bb7 12. b4 Nxc4 13. Bc1 Rc8 14. Bf3 Nd7 15.
O-O Nce5 16. fxe5 Qxc3 17. Qxc3 Rxc3 18. Ne3 Nxe5 19. Bd2 Rc8 20. Rac1 Be7 21.
Rxc8+ Bxc8 22. Rc1 Kd7 23. Bc3 Bf6 24. Be2 Bb7 25. Rd1 b5 26. a4 bxa4 27. b5
axb5 28. Bb4 Be7 29. Bc3 f6 30. Bxb5+ Bc6 31. Be2 Rb8 32. Ra1 Bxe4 33. Rxa4
Rb1+ 34. Kf2 Nd3+ 35. Kg3 Nc5 36. Ra7+ Ke8 37. Bd4 Bd3 38. Bd1 Rb4 39. Bxc5
dxc5 40. Ba4+ Kf7 41. Bd7 f5 42. Kf2 Rb2+ 43. Kf3 Be4+ 44. Kf4 Rb4 45. Ke5 Bd5
46. Ra4 Rb6 47. Nc4 Bxc4 0-1

[Event "XLVII C.to Italiano a squadre Master"]
[Site "Civitanova Marche ITA"]
[Date "2015.05.01"]
[Round "4"]
[White "Caprio, Guido"]
[Black "Rombaldoni, Denis"]
[WhiteElo "2418"]
[BlackElo "2479"]
[Result "0-1"]
[PlyCount "110"]
[EventDate "2015.04.29"]

1. c4 d6 2. d4 g6 3. Nc3 Bg7 4. e4 e5 5. d5 Ne7 6. h4 f5 7. h5 f4 8. Be2 O-O 9.
Bg4 g5 10. b3 Bxg4 11. Qxg4 h6 12. Ba3 Nd7 13. O-O-O b6 14. Nf3 Kh8 15. Qe6 Ng8
16. Nh2 a6 17. Qh3 Ngf6 18. g4 b5 19. Qd3 Qb8 20. cxb5 axb5 21. Bb4 Qb6 22. f3
Rfb8 23. Qc2 Bf8 24. Nf1 Nc5 25. a3 Rb7 26. Kb2 Nfd7 27. Na2 Rba7 28. Nd2 Nb8
29. Nb1 Nca6 30. Be1 c5 31. dxc6 Nxc6 32. Bf2 Nd4 33. Qd2 Nc5 34. Nb4 Ncxb3 35.
Qc3 Nc5 36. Nd5 Na4+ 37. Ka1 Nxc3 38. Nxb6 Rxa3+ 39. Nxa3 Rxa3+ 40. Kb2 Rb3+
41. Kc1 Nxd1 42. Bxd4 exd4 43. Rxd1 Bg7 44. Rf1 d3 45. Kd2 Bb2 46. Nd5 b4 47.
Nb6 Kg7 48. Nc4 Bd4 49. Rc1 Kf6 50. Kd1 Be3 51. Ra1 Rc3 52. e5+ Ke6 53. Nd2 Rc2
54. Nf1 Rf2 55. Ke1 d2+ 0-1

[Event "XLVII C.to Italiano a squadre Master"]
[Site "Civitanova Marche ITA"]
[Date "2015.05.01"]
[Round "4"]
[White "Collutiis, Duilio"]
[Black "Altini, Nicola"]
[WhiteElo "2477"]
[BlackElo "2410"]
[Result "1-0"]
[PlyCount "70"]
[EventDate "2015.04.29"]

1. e4 e5 2. Nf3 Nc6 3. Bb5 Nf6 4. d3 Bc5 5. Bxc6 dxc6 6. b3 Nd7 7. Bb2 O-O 8.
O-O Re8 9. Nc3 Bf8 10. Ne2 c5 11. Ng3 g6 12. Nd2 Bg7 13. f4 exf4 14. Bxg7 fxg3
15. Bb2 gxh2+ 16. Kh1 f6 17. Qf3 a5 18. Nc4 Ra6 19. Rae1 Ree6 20. a4 Kg7 21.
Qg3 Qf8 22. Qxc7 Rac6 23. Qxa5 b6 24. Qd2 Ba6 25. Ne3 Qd8 26. Nd5 Bb7 27. Qg5
Kg8 28. Qg3 Rcd6 29. Nf4 Re5 30. Nxg6 hxg6 31. Qxg6+ Kf8 32. Qh6+ Kg8 33. Re3
Qf8 34. Rg3+ Kf7 35. Qh7+ Ke6 1-0

[Event "XLVII C.to Italiano a squadre Master"]
[Site "Civitanova Marche ITA"]
[Date "2015.05.01"]
[Round "4"]
[White "Di Paolo, Raffaele"]
[Black "Rossi, Carlo"]
[WhiteElo "2268"]
[BlackElo "2291"]
[Result "1-0"]
[PlyCount "49"]
[EventDate "2015.04.29"]

1. e4 c6 2. d4 g6 3. Nf3 Bg7 4. h3 d5 5. e5 Bf5 6. Be2 Na6 7. O-O Qb6 8. b3 Nc7
9. Be3 f6 10. Nc3 a6 11. Qd2 Qa7 12. Na4 Ne6 13. c4 Be4 14. exf6 exf6 15. Nc5
Nxc5 16. dxc5 Bxf3 17. Bxf3 dxc4 18. Rfe1 Ne7 19. Bf4 Bf8 20. Rad1 Kf7 21. Qd7
b5 22. Qe6+ Kg7 23. Rd7 Qxc5 24. Bxc6 Ra7 25. Bd5 1-0

[Event "XLVII C.to Italiano a squadre Master"]
[Site "Civitanova Marche ITA"]
[Date "2015.05.01"]
[Round "4"]
[White "Dvirnyy, Danyyil"]
[Black "Navarro, Stefano"]
[WhiteElo "2536"]
[BlackElo "2266"]
[Result "1-0"]
[PlyCount "81"]
[EventDate "2015.04.29"]

1. e4 e5 2. Nf3 d6 3. d4 Nf6 4. Nc3 Nbd7 5. Bc4 Be7 6. a4 O-O 7. O-O c6 8. a5
Rb8 9. Qe2 b5 10. axb6 axb6 11. d5 cxd5 12. exd5 Ne8 13. Nb5 Bb7 14. Rd1 Ra8
15. Be3 Rxa1 16. Rxa1 Nc7 17. Nc3 Qb8 18. Ra3 Nf6 19. Qd1 b5 20. Nxb5 Nxb5 21.
Bxb5 Nxd5 22. Bc1 Nc7 23. Bf1 Ne6 24. Rb3 Nc5 25. Re3 Bf6 26. c4 Bxf3 27. Rxf3
e4 28. Rh3 Bxb2 29. Qh5 f6 30. Qxh7+ Kf7 31. Bh6 Rg8 32. Rg3 Ne6 33. Be3 Be5
34. Qg6+ Ke7 35. Rg4 Rf8 36. Qf5 Qb1 37. Rxe4 g6 38. Qxg6 Bxh2+ 39. Kxh2 Qxf1
40. Qg4 f5 41. Qg7+ 1-0